000 00306nam a2200133Ia 4500
005 20251222154343.0
008 251222s9999||||xx |||||||||||||| ||spa||
082 _a869.56/G63
100 _aGómez Migliaro, Willy
245 0 _aEtérea
250 _a1ra.ed.
264 _bHipocampo Editores
942 _cLIB
999 _c34613
_d34613